Welcome to CU Library Online Public Access Catalogue (OPAC)

The new international dictionary of christian church (Record no. 2589)

MARC details
000 -LEADER
fixed length control field 00470nam a22001697a 4500
005 - DATE AND TIME OF LATEST TRANSACTION
control field 20250116163802.0
008 - FIXED-LENGTH DATA ELEMENTS--GENERAL INFORMATION
fixed length control field 250116b |||||||| |||| 00| 0 eng d
020 ## - INTERNATIONAL STANDARD BOOK NUMBER
International Standard Book Number 9780310238300
050 ## - LIBRARY OF CONGRESS CALL NUMBER
Classification number REF 95.D68 DOU
Item number 1
100 ## - MAIN ENTRY--PERSONAL NAME
Personal name Douglas J.D
245 ## - TITLE STATEMENT
Title The new international dictionary of christian church
260 ## - PUBLICATION, DISTRIBUTION, ETC.
Place of publication, distribution, etc. Michigan
Name of publisher, distributor, etc. Zondarvan publishing house
Date of publication, distribution, etc. 1996
300 ## - PHYSICAL DESCRIPTION
Extent xiv,1074
500 ## - GENERAL NOTE
General note Bib. Ref.
700 ## - ADDED ENTRY--PERSONAL NAME
Personal name Earle E. Cairns
942 ## - ADDED ENTRY ELEMENTS (KOHA)
Source of classification or shelving scheme Library of Congress Classification
Koha item type Books
Edition 2nd
Suppress in OPAC No
999 ## -
-- 2589
-- 2589
Holdings
Withdrawn status Lost status Source of classification or shelving scheme Damaged status Not for loan Collection Home library Current library Shelving location Date acquired Total checkouts Full call number Barcode Date last seen Copy number Price effective from Koha item type
    Library of Congress Classification     Non-fiction Graduate Library (Christ Temple) Graduate Library (Christ Temple) Reference 01/16/2025   REF BR 95.D68 DOU GSCT00000258 01/16/2025 1 01/16/2025 Books
    Library of Congress Classification     Non-fiction Graduate Library (Christ Temple) Graduate Library (Christ Temple) Reference 01/22/2025   REF BR 95.D68 DOU GSCT00000300 01/22/2025 2 01/22/2025 Books
© 2023-2024 Copyright: Central University Libraries. All Rights Reserved | Created by: Mahone Tech Office